000 00709nam a2200241Ia 4500
003 OSt
005 20220918200823.0
006 a|||||r|||| 00| 0
007 ta
008 220917b |||||||| |||| 00| 0 eng d
024 _a90,431
037 _cTextual
040 _aARTS
_cARTS
_beng
041 _2eng
_aeng
082 _aU8:596:K8, J2
100 _aDanckaerts Jasper
_995696
245 0 _aJournal, 1679-1680, ed by Bartlett Burleigh James and J Franklin Jameson
260 _c1952
490 _aOriginal narratives of early American history, ed by J Franklin Jameson; 15
650 _aGEOGRAPHY
942 _hU8:596:K8, J2
_cTEXL
_2CC
999 _c214094
_d214094